000 01206cam a22002891 4500
001 sd 47000050
003 DLC
005 20260227112735.0
008 831011s1947 dcu f000 0 eng c
010 _asd 47000050
035 _a(OCoLC)10002074
040 _aU.S. Dept. of State. Libr.
_cPBL
_dPBL
_dDLC
042 _apremarc
050 0 0 _aHS240
_b.M27
082 _a338.94
100 1 _aMarshall, George C.
_q(George Catlett),
_d1880-1959.
245 1 4 _aThe problems of European revival and German and Austrian peace settlements.
_cAddress by the Secretary of State.
260 _a[Washington,
_bU.S. Govt. Print. Off.,
_c1947]
300 _a14 p.
_c20 cm.
490 1 _aUnited States. Dept. of State. Publication 2990. European series
_v31
500 _aCover title.
500 _a"Delivered before a meeting sponsored jointly by the Chicago Council on Foreign Relations and the Chicago Chamber of Commerce in Chicago, Ill. on Nov. 18, 1947."
650 0 _aReconstruction (1939-1951)
_zEurope.
651 0 _aGermany
_xEconomic policy
_y1945-1990.
710 1 _aUnited States.
_bDepartment of State.
_tEuropean series,
_n31.
810 1 _aUnited States.
_bDepartment of State.
_tPublication ;
_v2990.
999 _c89979
_d89979